000 00635nam a2200253 a 4500
001 nice12345678
003 IN_TiNIC
005 20260116012455.0
008 070716s1990 lona grp 000 0 eng
020 _a
_c692
082 0 0 _a297.1977
_bCHO
100 _aCho;udhury, G W
245 _aIslam and the Contemporary World
260 _aLondon
_bIndus Thames Pub.
_c1990
300 _a227p
500 _aincludes index and biblioraphy
650 _aIslam-Reinterpretation
650 _aIslam and Politics
650 _aIslam-Meccan Trade
700 1 _aCho;udhury, G W
902 _bSRS
942 _cBK
999 _c7155
_d7155